Songs Named After An Emotion - Statistics

General Stats
  • This quiz has been taken 44 times
  • The average score is 7 of 25
Answer Stats
Hint Answer % Correct
Pharrell Williams 2013 Happy
97%
Metallica 1992 Sad But True
85%
Billy Joel 1976 Angry Young Man
79%
Redbone 1974 Come And Get Your Love
46%
Taylor Swift 2020 Mad Woman
46%
Ozzy Osbourne 1980 Crazy Train
36%
Three Dog Night 1970 Joy To The World
36%
Johnny Cash 2002 Hurt
31%
The Beatles 1968 I'm So Tired
31%
Twenty One Pilots 2015 Stressed Out
31%
The Rolling Stones 1965 (I Can't Get No) Satisfaction
26%
Yes 1983 Owner of a Lonely Heart
26%
Lynyrd Skynyrd 1973 Free Bird
21%
Nick Jonas 2014 Jealous
18%
Led Zeppelin 1969 Dazed and Confused
15%
Kendrick Lamar 2017 FEAR
15%
Sarah Bareilles 2013 Brave
10%
The Beatles 1964 I Feel Fine
10%
David Bowie 1995 I'm Afraid of Americans
10%
Paul McCartney 1970 Maybe I'm Amazed
10%
X Ambassadors 2015 Nervous
10%
Herman's Hermits 1971 I'm Into Something Good
8%
Neil Young 1971 Helpless
5%
Goo Goo Dolls 2019 Fearless
3%
Glen Campbell 1967 I'll Be Lucky Someday
3%
No matching quizzes found
Score Distribution
Percent of People with Each Score
Percentile by Number Answered
Your Score History
You have not taken this quiz